Phương pháp tọa độ và ứng dụng trong giải toán sơ cấp

Khai thác công cụ phương pháp tọa độ trong mặt phẳng và không gian để giải các dạng bài toán cơ bản trong đại số và hình học như: bài toán chứng minh đẳng thức, bất đẳng thức, bài toán giải phương trình, bất phương trình, bài toán chứng minh các tính chất hình học, bài toán xác định các đại lượng hì...

全面介紹

Đã lưu trong:
書目詳細資料
主要作者: Lê Thị Kim Loan
其他作者: Trần Đạo Dõng PGS.TS. (Hướng dẫn)
格式: 圖書
語言:Vietnamese
出版: Đà Nẵng Đại học Đà Nẵng 2015
主題:
標簽: 添加標簽
沒有標簽, 成為第一個標記此記錄!
Thư viện lưu trữ: Mạng thư viện Đại học Đà Nẵng
LEADER 01954nam a2200349 4500
001 000023768
003 20221
005 20160324100304.0
008 160226s2015 viesd
041 |a vie 
082 1 4 |a 516.16  |b LÊ-L 
100 1 |a Lê Thị Kim Loan 
245 1 |a Phương pháp tọa độ và ứng dụng trong giải toán sơ cấp  |c Lê Thị Kim Loan ; Trần Đạo Dõng hướng dẫn.  |k Luận văn Thạc sĩ 
260 |a Đà Nẵng  |b Đại học Đà Nẵng  |c 2015 
300 |a 79 tr. ; phụ lục 3 tr.  |c 29 cm.  |e Tóm tắt 
500 |a Luận văn thạc sĩ Khoa học. Chuyên ngành: Phương pháp toán sơ cấp. Mã số: 60.46.01.13 
520 3 |a Khai thác công cụ phương pháp tọa độ trong mặt phẳng và không gian để giải các dạng bài toán cơ bản trong đại số và hình học như: bài toán chứng minh đẳng thức, bất đẳng thức, bài toán giải phương trình, bất phương trình, bài toán chứng minh các tính chất hình học, bài toán xác định các đại lượng hình học, bài toán quỹ tích… và các bài toán liên quan trong hệ tọa độ Decartes. 
650 0 4 |a Phương pháp tọa độ (toán học)  |v Luận văn tốt nghiệp  |x Ứng dụng 
653 |a Toán sơ cấp (toán học) 
653 |a Phương pháp toán sơ cấp 
653 |a Phương pháp tọa độ 
700 1 |a Trần Đạo Dõng  |c PGS.TS.  |e Hướng dẫn 
OWN |a LSP 
AVA |a UDN50  |b LSP  |d 516.16 LÊ-L  |e available  |t Error 5001 Not defined in file expand_doc_bib_avail.  |f 1  |g 0  |h N  |i 0  |k 1 
999 |a From the UDN01 
AVA |a UDN50  |b LSP  |d 516.16 LÊ-L  |e available  |t Error 5001 Not defined in file expand_doc_bib_avail.  |f 1  |g 0  |h N  |i 0  |k 1 
TYP |a Monograph 
TYP |a Printed language 
980 |a Mạng thư viện Đại học Đà Nẵng